书目信息 |
| 题名: |
品牌22律
|
|
| 作者: | 里斯, , 里斯, 著 ;周安柱 , 储文胜 , 梅清豪 译 | |
| 分册: | ||
| 出版信息: | 上海 上海人民出版社 2004.07 |
|
| 页数: | 212页 | |
| 开本: | 22cm | |
| 丛书名: | ||
| 单 册: | ||
| 中图分类: | F273.2 | |
| 科图分类: | ||
| 主题词: | 企业管理--质量管理 | |
| 电子资源: | ||
| ISBN: | 7-208-05226-3 | |
| 000 | 01424nam0 2200301 450 | |
| 001 | 0138974868 | |
| 005 | 20050623173841.44 | |
| 010 | @a7-208-05226-3@dCNY28.00 | |
| 100 | @a20050408d2004 km y0chiy0120 ea | |
| 101 | 1 | @achi@ceng |
| 102 | @aCN@b310000 | |
| 105 | @ay z 000yy | |
| 200 | 1 | @a品牌22律@Apin pai 22 lu@e定位大师教你轻松打造品牌@d= The 22 immutable Law of bradning,how to build a product or service into a World-Class brand@f(美) 阿尔·里斯, 劳拉·里斯著@F(mei)a er·li si,lao la·li si zhu@g周安柱, 储文胜, 梅清豪译@Gzhou an zhu,chu wen sheng,mei qing hao yi@zeng |
| 210 | @a上海@c上海人民出版社@d2004.07 | |
| 215 | @a212页@d22cm | |
| 312 | @a并列题名取自书后英文版权页。 | |
| 330 | @a本书作者用简洁、生动的语言及短小精悍的案例,将读者引入了一个打造品牌的世界,和读者共同探讨如何把一种产品或服务打造成一个世界级品牌。本书共讲述了22条打造品牌需要注意的法则。 | |
| 510 | 1 | @a22 immutable Law of bradning@ehow to build a product or service into a World-Class brand@zeng |
| 517 | 1 | @a定位大师教你轻松打造品牌@Ading wei da shi jiao ni qing song da zao pin pai |
| 606 | 0 | @a企业管理@x质量管理 |
| 690 | @aF273.2@v4 | |
| 701 | 1 | @a里斯,@Ali si,@bA.@g(Ries, Al)@4著 |
| 701 | 1 | @a里斯,@Ali si,@bL.@g(Ries, Laura)@4著 |
| 702 | 0 | @a周安柱@Azhou an zhu@4译 |
| 702 | 0 | @a储文胜@Achu wen sheng@4译 |
| 702 | 0 | @a梅清豪@Amei qing hao@4译 |
| 801 | 0 | @aCN@bRULIN@c20050623 |
| 905 | @a10447@dF273.2@eL352 | |
| 品牌22律:定位大师教你轻松打造品牌= The 22 immutable Law of bradning,how to build a product or service into a World-Class brand/(美) 阿尔·里斯, 劳拉·里斯著/周安柱, 储文胜, 梅清豪译.-上海:上海人民出版社,2004.07 |
| 212页;22cm |
| ISBN 7-208-05226-3:CNY28.00 |
| 本书作者用简洁、生动的语言及短小精悍的案例,将读者引入了一个打造品牌的世界,和读者共同探讨如何把一种产品或服务打造成一个世界级品牌。本书共讲述了22条打造品牌需要注意的法则。 |
| ● |
| 相关链接 |
|
|
|
正题名:品牌22律
索取号:F273.2/L352
 
预约/预借
| 序号 | 登录号 | 条形码 | 馆藏地/架位号 | 状态 | 备注 |
| 1 | 520977 | 205209772 | 社科库409/409社科库 92排2列4层/ [索取号:F273.2/L352] | 在馆 | |
| 2 | 520978 | 205209781 | 社科库409/409社科库 92排2列4层/ [索取号:F273.2/L352] | 在馆 | |
| 3 | 520979 | 205209790 | 社科库409/409社科库 92排2列4层/ [索取号:F273.2/L352] | 在馆 |